00499cam a2200133 4500001001100000008004100011035001500052050002400067100003300091245014700124260005900271300002000330500001500350BIIH005789 1970 spa  aBIIH005789 4aF1301b.86 M65 19701 aMolina Enriquez, Andrés A. 0aBreve estudio para la determinación jurídica de los bienes municipales llamados de común repartimiento /cAndrés A. Molina Enríquez. aToluca, Mex. :bGobierno del Estado de México,c1970 a47 p. ;c20 cm. a1 ejemplar